Najpopularniejsze sieci fast food w Polsce w 2024 - Statystyki

Ogólne statystyki
  • Ten quiz został rozwiązany 158 razy
  • Średni wynik to 6 z 11
Statystyki odpowiedzi
Liczba lokali % Poprawnych
369 KFC
99%
550+ McDonald's
97%
46 Burger King
95%
155 Pizza Hut
76%
178 Subway
76%
120+ Domino's
53%
184 Da Grasso
31%
39 North Fish
31%
130+ Zahir Kebab
19%
400+ Bafra Kebab
12%
70+ Berlin Döner Kebap
9%
Nie znaleziono quizów pasujących do podanych kryteriów
Rozkład punktacji
Procent ludzi z każdym wynikiem
Percentyl według liczby udzielonych odpowiedzi
Twoja historia wyników
Nie rozwiązałeś tego quizu